000 00374nam a22001697a 4500
003 SGT
005 20260701161014.0
020 _a9788119336050
082 _a612
_bP24J
100 _aJAIN, A.K.
245 _aTB. OF PHYSIOLOGY 2 VOLUME SET
250 _a10TH
260 _aINDIA
_bARYA PUB
_c2024
300 _a583,1100
650 _aHUMAN PHYSIOLOGY
942 _2ddc
_cBK
999 _c34993
_d34993